| 000 | 01000cam a2200265 a 4500 | ||
|---|---|---|---|
| 001 | 18324461 | ||
| 005 | 20150504112435.0 | ||
| 008 | 141003t2014 enk frb 001 0 eng d | ||
| 020 | _a9781137334824 (pbk.) | ||
| 020 | _a9781137334817 (hbk.) | ||
| 040 |
_aYDXCP _beng _cYDXCP _dBTCTA _dBDX _dUKMGB _dCDX _dOCLCO _dCOO _dLTSCA _dSUC _dDLC _dEG-ScBUE |
||
| 082 | 0 | 4 |
_a070.449297 _bRAN _222 |
| 100 | 1 |
_aRane, Halim, _d1976- _937801 |
|
| 245 | 1 | 0 |
_aMedia framing of the Muslim world : _bconflicts, crises and contexts / _cHalim Rane, Jacqui Ewart, John Martinkus. |
| 260 |
_aBasingstoke, England ; _aNew York : _bPalgrave Macmillan / Macmillan Publishers Limited, _cc.2014. |
||
| 300 |
_aviii, 205 p. ; _c22 cm. |
||
| 500 | _aIndex : p. 203-205. | ||
| 504 | _aBibliography : p. 187-202. | ||
| 650 | 7 |
_aIslam in mass media. _2BUEsh _916788 |
|
| 653 |
_bCOMAME _cMay2015 |
||
| 655 |
_vreading book _934232 |
||
| 700 | 1 |
_aEwart, Jacqui. _937802 |
|
| 700 | 1 |
_aMartinkus, John. _937803 |
|
| 942 |
_2ddc _k070.449297 RAN |
||
| 999 |
_c19257 _d19229 |
||